Sevilla - Manchester United Europa League 2019-20 - Statistics

General Stats
  • This quiz has been taken 94 times
  • The average score is 16 of 32
Answer Stats
Player % Correct
David de Gea
94%
Marcus Rashford
91%
Paul Pogba
83%
Anthony Martial
81%
Harry Maguire
81%
Victor Lindelöf
77%
Aaron Wan-Bissaka
71%
Bruno Fernandes ¹
65%
Fred
63%
Jesús Navas
60%
Mason Greenwood
60%
Ole Gunnar Solskjær
59%
Lucas Ocampos
56%
Yassine Bounou
53%
Diego Carlos
50%
Jules Koundé
49%
Fernando
46%
Juan Mata
46%
Suso ¹
46%
Youssef En-Nesyri
42%
Éver Banega
38%
Sergio Reguilón
38%
Brandon Williams
35%
Luuk de Jong ¹
33%
Julen Lopetegui
29%
Joan Jordán
28%
Daniel James
27%
Odion Ighalo
23%
Munir El Haddadi
22%
Nemanja Gudelj
22%
Franco Vázquez
12%
Timothy Fosu-Mensah
9%
No matching quizzes found
Score Distribution
Percent of People with Each Score
Percentile by Number Answered
Your Score History
You have not taken this quiz